[Event "National Capital op"]
[Site "Ottawa CAN"]
[Date "2008.11.22"]
[Round "3"]
[White "Szalay, Karoly"]
[Black "Pacey, Kevin"]
[Result "1-0"]
[WhiteElo "2187"]
[BlackElo "2304"]
[PlyCount "121"]
[GameId "2160767910286129"]
[EventDate "2008.11.21"]
[EventType "swiss"]
[EventRounds "5"]
[EventCountry "CAN"]

1. e4 c6 2. d4 d5 3. Nd2 dxe4 4. Nxe4 Bf5 5. Ng3 Bg6 6. h4 h6 7. h5 Bh7 8. Nf3 Nd7 9. Bd3 Bxd3 10. Qxd3 e6 11. O-O Qc7 12. Re1 O-O-O 13. Qe2 Ngf6 14. Ne5 Nxe5 15. dxe5 Nd5 16. a3 Be7 17. c4 Nb6 18. b4 f5 19. exf6 Bxf6 20. Qxe6+ Qd7 21. Qxd7+ Rxd7 22. Ra2 Nxc4 23. Ne4 Bd4 24. Rc2 b5 25. Nd2 Rf8 26. Nxc4 bxc4 27. Be3 Bxe3 28. Rxe3 Rf5 29. g4 Rf4 30. f3 Rd1+ 31. Kf2 Kd7 32. Rce2 Rf7 33. Re4 Rc1 34. f4 c3 35. f5 Ra1 36. Rc2 Rxa3 37. Rc4 a5 38. bxa5 Rxa5 39. R2xc3 Rf6 40. Rb3 Rb5 41. Ra3 Rb7 42. Ke3 Rd6 43. Kf4 Rd1 44. Re3 Kd6 45. Re6+ Kd5 46. Rcxc6 Rd4+ 47. Kg3 Rb3+ 48. Kh4 Ra4 49. Rcd6+ Kc5 50. Rd2 Raa3 51. Rh2 Rb7 52. Rc2+ Kd5 53. Rd2+ Kc5 54. Rg6 Rf3 55. Re6 Ra7 56. Re8 Kc4 57. Red8 Raa3 58. Rc8+ Kb3 59. Rc7 Ra4 60. Rxg7 Rxf5 61. Rg6 1-0

[Event "National Capital op"]
[Site "Ottawa CAN"]
[Date "2008.11.23"]
[Round "4"]
[White "De Kerpel, Stijn"]
[Black "Pacey, Kevin"]
[Result "0-1"]
[WhiteElo "2176"]
[BlackElo "2304"]
[PlyCount "94"]
[GameId "2160767910286130"]
[EventDate "2008.11.21"]
[EventType "swiss"]
[EventRounds "5"]
[EventCountry "CAN"]

1. d4 g6 2. e4 d6 3. Nc3 Bg7 4. Be3 a6 5. Qd2 b5 6. a4 b4 7. Nd1 Bb7 8. f3 a5 9. Nh3 Nd7 10. Bb5 c6 11. Be2 Qc7 12. O-O Ngf6 13. Nhf2 O-O 14. c3 bxc3 15. bxc3 Ba6 16. Bxa6 Rxa6 17. g4 Nb6 18. Qd3 Raa8 19. f4 Nfd7 20. Nb2 Qb7 21. e5 Nd5 22. Rfb1 Qa6 23. Qxa6 Rxa6 24. Bd2 dxe5 25. fxe5 c5 26. Ne4 cxd4 27. cxd4 f6 28. Nc4 fxe5 29. Rb7 N5f6 30. Nxf6+ Nxf6 31. Nxe5 Nxg4 32. Rxe7 Bf6 33. Rb7 Nxe5 34. dxe5 Bxe5 35. Rc1 Rf7 36. Rb5 Bxh2+ 37. Kg2 Bf4 38. Rc8+ Kg7 39. Bxa5 Rd7 40. Bc3+ Kh6 41. Bb4 g5 42. Kf3 Rxa4 43. Rc6+ Kh5 44. Bf8 Rd3+ 45. Ke2 Re3+ 46. Kf2 Ra2+ 47. Kf1 Rf3+ 0-1

[Event "National Capital op"]
[Site "Ottawa CAN"]
[Date "2008.11.23"]
[Round "5"]
[White "Pacey, Kevin"]
[Black "Marinkovic, Mate"]
[Result "1-0"]
[WhiteElo "2304"]
[BlackElo "2063"]
[PlyCount "45"]
[GameId "2160767910286131"]
[EventDate "2008.11.21"]
[EventType "swiss"]
[EventRounds "5"]
[EventCountry "CAN"]

1. e4 c5 2. Nf3 d6 3. d4 cxd4 4. Nxd4 Nf6 5. Nc3 g6 6. f4 Nc6 7. Nxc6 bxc6 8. e5 Nd7 9. exd6 exd6 10. Qe2+ Qe7 11. Ne4 Qe6 12. Bd2 d5 13. Bc3 dxe4 14. Bxh8 f6 15. Qc4 Qxc4 16. Bxc4 Bh6 17. Rd1 Ke7 18. Rd4 Nc5 19. b4 Ne6 20. Rxe4 Bd7 21. O-O Kf7 22. Rd1 Bc8 23. Rd8 1-0

[Event "Niagara Falls op"]
[Site "Niagara Falls CAN"]
[Date "2008.03.29"]
[Round "2"]
[White "Villalobos, Oscar"]
[Black "Niemiec, Sebastian"]
[Result "1-0"]
[WhiteElo "1791"]
[BlackElo "1600"]
[PlyCount "69"]
[GameId "2160767910351310"]
[EventDate "2008.03.29"]
[EventType "swiss"]
[EventRounds "5"]
[EventCountry "CAN"]

1. d4 Nf6 2. Nf3 d5 3. Bf4 Bf5 4. e3 g6 5. Be2 Bg7 6. Nbd2 O-O 7. Ne5 Nbd7 8. g4 Be6 9. g5 Ne8 10. h4 f6 11. Ng4 f5 12. Nh6+ Bxh6 13. gxh6 Nef6 14. h5 Bf7 15. hxg6 Bxg6 16. Bd3 Kf7 17. Nf3 e6 18. Ng5+ Ke7 19. Qf3 Rg8 20. O-O-O Ne4 21. Bxe4 dxe4 22. Qg3 Rc8 23. Qh4 Nf6 24. Be5 Rf8 25. Rdg1 Kd7 26. Nxh7 Bxh7 27. Rg7+ Kc6 28. Bxf6 Qxf6 29. Rxh7 Qg6 30. Rg7 Qf6 31. Qxf6 Rxf6 32. h7 Rff8 33. Rhg1 Rh8 34. Rg8 Kd7 35. Rxc8 1-0

[Event "Niagara Falls op"]
[Site "Niagara Falls CAN"]
[Date "2008.03.29"]
[Round "3"]
[White "Martin, James"]
[Black "Villalobos, Oscar"]
[Result "0-1"]
[WhiteElo "1192"]
[BlackElo "1791"]
[PlyCount "52"]
[GameId "2160767910351311"]
[EventDate "2008.03.29"]
[EventType "swiss"]
[EventRounds "5"]
[EventCountry "CAN"]

1. e4 c5 2. Nf3 d6 3. Bb5+ Bd7 4. Bxd7+ Qxd7 5. O-O Nf6 6. Nc3 b5 7. d3 b4 8. Ne2 g6 9. Be3 Nc6 10. Qd2 Ng4 11. Bf4 e5 12. Bg5 h6 13. Bh4 Bg7 14. c3 g5 15. Bxg5 hxg5 16. Nxg5 Nxh2 17. Rfe1 f6 18. Nh3 Rxh3 19. Ng3 Kf7 20. Qd1 Rh7 21. Nh5 Rah8 22. Ng3 Ng4 23. f3 Rh1+ 24. Nxh1 Rxh1+ 25. Kxh1 Nf2+ 26. Kg1 Nxd1 0-1

[Event "Niagara Falls op"]
[Site "Niagara Falls CAN"]
[Date "2008.03.30"]
[Round "5"]
[White "Villalobos, Oscar"]
[Black "Jung, Hans"]
[Result "0-1"]
[WhiteElo "1791"]
[BlackElo "2216"]
[PlyCount "64"]
[GameId "2160767910351312"]
[EventDate "2008.03.29"]
[EventType "swiss"]
[EventRounds "5"]
[EventCountry "CAN"]

1. d4 d5 2. Nf3 Nf6 3. Bf4 c6 4. e3 Qb6 5. Qc1 Bf5 6. Nbd2 h6 7. h3 c5 8. c3 Nc6 9. Be2 e6 10. Ne5 cxd4 11. exd4 Rc8 12. Ndf3 Be7 13. O-O g5 14. Nxc6 bxc6 15. Be5 Rg8 16. Nh2 Nd7 17. Ng4 Bxg4 18. Bxg4 Bf6 19. Bh2 c5 20. dxc5 Rxc5 21. Qd2 Ne5 22. Bxe5 Bxe5 23. Rae1 Bf4 24. Qd4 Ke7 25. Re2 Rb5 26. Qa4 Ra5 27. Qd1 Rxa2 28. Qb1 Ra6 29. Rxe6+ fxe6 30. Qh7+ Kf8 31. Qxh6+ Ke8 32. Qf6 Qd8 0-1

[Event "Obama op"]
[Site "Edmonton CAN"]
[Date "2008.11.06"]
[Round "1"]
[White "Bentz, Huxley"]
[Black "Thomas, Derek"]
[Result "0-1"]
[WhiteElo "1106"]
[BlackElo "1517"]
[PlyCount "52"]
[GameId "2160767910294446"]
[EventDate "2008.11.06"]
[EventType "swiss"]
[EventRounds "4"]
[EventCountry "CAN"]
[SourceTitle "EXT 2022"]
[Source "ChessBase"]
[SourceDate "2021.10.06"]
[SourceVersion "1"]
[SourceVersionDate "2021.10.06"]
[SourceQuality "1"]

1. e4 c5 2. Bc4 e6 3. Nf3 Nc6 4. Nc3 g6 5. O-O Bg7 6. Ne2 a6 7. d4 b5 8. d5 Ne5 9. Bxb5 Nxf3+ 10. gxf3 axb5 11. dxe6 fxe6 12. Be3 d6 13. Qd2 Ne7 14. Rad1 O-O 15. Qxd6 Qxd6 16. Rxd6 Rxf3 17. Bxc5 Bf8 18. Nd4 Rf4 19. Nxe6 Bxe6 20. Rxe6 Rf7 21. a3 Rc8 22. Bxe7 Bxe7 23. Rd1 Rxc2 24. Rd8+ Bxd8 25. Re8+ Rf8 26. Rxf8+ Kxf8 0-1

[Event "Obama op"]
[Site "Edmonton CAN"]
[Date "2008.11.06"]
[Round "1"]
[White "Borger, Rocky"]
[Black "Camphaug, Lincoln"]
[Result "0-1"]
[WhiteElo "1350"]
[BlackElo "1624"]
[PlyCount "168"]
[GameId "2160767910294447"]
[EventDate "2008.11.06"]
[EventType "swiss"]
[EventRounds "4"]
[EventCountry "CAN"]
[SourceTitle "EXT 2022"]
[Source "ChessBase"]
[SourceDate "2021.10.06"]
[SourceVersion "1"]
[SourceVersionDate "2021.10.06"]
[SourceQuality "1"]

1. d4 Nf6 2. Nf3 d5 3. Bg5 Nbd7 4. Nc3 e6 5. a3 Be7 6. Nd2 a6 7. h3 c5 8. e3 c4 9. e4 Nxe4 10. Bxe7 Nxc3 11. Bxd8 Nxd1 12. Rxd1 Kxd8 13. f4 Re8 14. Nf3 f6 15. Kf2 Ke7 16. b3 b5 17. g4 cxb3 18. cxb3 Bb7 19. Bg2 Rac8 20. Rc1 Rxc1 21. Rxc1 Rc8 22. Rxc8 Bxc8 23. Ke3 Kd6 24. h4 h6 25. h5 e5 26. Nh4 exf4+ 27. Kxf4 Nf8 28. Nf5+ Bxf5 29. Kxf5 Ne6 30. Bf1 Nxd4+ 31. Kg6 Ne6 32. a4 bxa4 33. bxa4 a5 34. Ba6 Ke7 35. Kf5 d4 36. Bc8 Nc5 37. Kf4 d3 38. Ke3 Kd6 39. Bf5 Ke5 40. Bg6 Nxa4 41. Bxd3 Nc5 42. Bc4 a4 43. Bf7 Ne6 44. Kd2 Nc5 45. Ke3 a3 46. Bc4 Na6 47. Kd2 Kf4 48. Kc3 Nc5 49. Be2 Ne4+ 50. Kb3 a2 51. Kb2 a1=Q+ 52. Kxa1 Nf2 53. g5 Kxg5 54. Kb1 Ng4 55. Kc1 Kxh5 56. Kd2 Kh4 57. Ke1 Kg3 58. Kf1 h5 59. Kg1 h4 60. Bf1 g5 61. Bg2 h3 62. Bh1 Nf2 63. Bc6 h2+ 64. Kf1 h1=Q+ 65. Bxh1 Nxh1 66. Kg1 Nf2 67. Kf1 f5 68. Kg1 g4 69. Kf1 Nh3 70. Ke2 Kg2 71. Ke1 f4 72. Ke2 f3+ 73. Ke1 f2+ 74. Ke2 f1=Q+ 75. Ke3 Qf3+ 76. Kd4 Kf2 77. Ke5 g3 78. Kd4 g2 79. Ke5 g1=Q 80. Kd4 Qgg4+ 81. Kc5 Qff5+ 82. Kd6 Qgg6+ 83. Ke7 Qff7+ 84. Kd8 Qgg8# 0-1

[Event "Obama op"]
[Site "Edmonton CAN"]
[Date "2008.11.06"]
[Round "1"]
[White "Dean, Tim"]
[Black "Wu, Allan"]
[Result "1-0"]
[WhiteElo "1952"]
[BlackElo "1876"]
[PlyCount "63"]
[GameId "2160767910294448"]
[EventDate "2008.11.06"]
[EventType "swiss"]
[EventRounds "4"]
[EventCountry "CAN"]
[SourceTitle "EXT 2022"]
[Source "ChessBase"]
[SourceDate "2021.10.06"]
[SourceVersion "1"]
[SourceVersionDate "2021.10.06"]
[SourceQuality "1"]

1. e4 c5 2. Nf3 Nc6 3. d4 cxd4 4. Nxd4 e5 5. Nb5 a6 6. N5c3 Nf6 7. Bg5 Bb4 8. a3 Bc5 9. Bc4 O-O 10. O-O Na5 11. Ba2 Bd4 12. Bxf6 Qxf6 13. Nd5 Qh4 14. c3 Ba7 15. Nd2 d6 16. Nf3 Qxe4 17. Ng5 Qg4 18. Qxg4 Bxg4 19. Ne7+ Kh8 20. Nxf7+ Rxf7 21. Bxf7 Rf8 22. Ba2 Be2 23. Rae1 Bxf1 24. Rxf1 b5 25. b3 g6 26. Nd5 Nb7 27. b4 Rf7 28. Nb6 Rc7 29. Nd5 Rf7 30. Ne3 Rf4 31. g3 Rf3 32. Bd5 1-0

[Event "Obama op"]
[Site "Edmonton CAN"]
[Date "2008.11.06"]
[Round "1"]
[White "Johnson, Ron"]
[Black "Bentz, Eliot"]
[Result "1-0"]
[WhiteElo "1475"]
[BlackElo "801"]
[PlyCount "55"]
[GameId "2160767910294450"]
[EventDate "2008.11.06"]
[EventType "swiss"]
[EventRounds "4"]
[EventCountry "CAN"]
[SourceTitle "EXT 2022"]
[Source "ChessBase"]
[SourceDate "2021.10.06"]
[SourceVersion "1"]
[SourceVersionDate "2021.10.06"]
[SourceQuality "1"]

1. e4 c5 2. Nf3 f6 3. d4 e5 4. dxe5 Nc6 5. Bc4 Nge7 6. exf6 gxf6 7. O-O Bh6 8. Bxh6 Ng8 9. Bg7 Nh6 10. Bxh8 Na5 11. Bd5 Nf7 12. Bxf7+ Kxf7 13. Qd5+ Ke8 14. Nc3 Qe7 15. Nb5 a6 16. Nc7+ Kf8 17. Nxa8 Qf7 18. Qxc5+ Qe7 19. Qxa5 Ke8 20. Nb6 Qe6 21. Nxc8 Kf7 22. Rad1 d6 23. Nxd6+ Qxd6 24. Rxd6 Ke7 25. Qc7+ Kf8 26. Qg7+ Ke8 27. Rxf6 Kd8 28. Rf8# 1-0

[Event "Obama op"]
[Site "Edmonton CAN"]
[Date "2008.11.06"]
[Round "1"]
[White "Pedersen, Rick"]
[Black "Seehagen, Terry"]
[Result "0-1"]
[WhiteElo "1949"]
[BlackElo "1690"]
[PlyCount "134"]
[GameId "2160767910294451"]
[EventDate "2008.11.06"]
[EventType "swiss"]
[EventRounds "4"]
[EventCountry "CAN"]
[SourceTitle "EXT 2022"]
[Source "ChessBase"]
[SourceDate "2021.10.06"]
[SourceVersion "1"]
[SourceVersionDate "2021.10.06"]
[SourceQuality "1"]

1. e4 d5 2. e5 c5 3. Nf3 Nc6 4. Bb5 Qc7 5. O-O Bg4 6. Re1 e6 7. c3 a6 8. Bxc6+ bxc6 9. d3 Ne7 10. Bf4 Rb8 11. b3 Ng6 12. Bg3 Qa5 13. Qc2 Bxf3 14. gxf3 h5 15. h3 Be7 16. Nd2 Bg5 17. Nf1 h4 18. Bh2 Nf4 19. Bxf4 Bxf4 20. c4 Rh5 21. cxd5 cxd5 22. d4 Rc8 23. Ne3 Kd7 24. Rac1 Rhh8 25. Qd3 Rh5 26. Qc2 Qd8 27. dxc5 Qg5+ 28. Kf1 Rc6 29. Rcd1 Qe7 30. b4 Rxe5 31. Ng2 Rxe1+ 32. Rxe1 Bh6 33. f4 Qf6 34. a4 Qd4 35. Rb1 a5 36. Ne1 axb4 37. Nd3 Bxf4 38. Rxb4 Qa1+ 39. Qb1 Qxb1+ 40. Rxb1 Bc7 41. Rb5 Ra6 42. Nb2 Kc6 43. Rb4 Kxc5 44. Rxh4 Bd8 45. Nd3+ Kd6 46. Rb4 f6 47. Ke2 e5 48. f3 g5 49. Nb2 Ba5 50. Rb3 Rb6 51. Rxb6+ Bxb6 52. Kd3 Kc5 53. Kc3 Ba5+ 54. Kd3 Kb4 55. Kc2 e4 56. fxe4 dxe4 57. Kd2 Kb3+ 58. Kc1 f5 59. Nd1 Kxa4 60. Nf2 Bb6 61. Nd1 Kb3 62. Kd2 f4 63. Ke2 Kc2 64. Ke1 f3 65. h4 gxh4 66. Kf1 h3 67. Nf2 Bxf2 0-1

[Event "Obama op"]
[Site "Edmonton CAN"]
[Date "2008.11.06"]
[Round "1"]
[White "Razzaq, Ali"]
[Black "Laboucane, Randy"]
[Result "0-1"]
[WhiteElo "1811"]
[BlackElo "1883"]
[PlyCount "118"]
[GameId "2160767910294452"]
[EventDate "2008.11.06"]
[EventType "swiss"]
[EventRounds "4"]
[EventCountry "CAN"]
[SourceTitle "EXT 2022"]
[Source "ChessBase"]
[SourceDate "2021.10.06"]
[SourceVersion "1"]
[SourceVersionDate "2021.10.06"]
[SourceQuality "1"]

1. d4 e6 2. c4 b6 3. Nf3 Bb7 4. Nc3 Bb4 5. Qb3 Qe7 6. Bf4 Bxf3 7. gxf3 Nc6 8. O-O-O Na5 9. Qc2 Bxc3 10. Qxc3 Nf6 11. Rg1 Nh5 12. Bg5 f6 13. Bd2 Nb7 14. e4 O-O-O 15. f4 g6 16. Bg2 Ng7 17. Qf3 d5 18. exd5 exd5 19. Rge1 Qd7 20. Bb4 Rhe8 21. Qa3 a5 22. Bxd5 c6 23. Be7 cxd5 24. Bxd8 Nxd8 25. Rxe8 Nxe8 26. c5 Qc7 27. Qe3 Nd6 28. Kb1 Nf5 29. Qh3 Nc6 30. cxb6 Qxb6 31. Qxh7 Nce7 32. Qf7 Kd7 33. Re1 Qd6 34. a3 Nxd4 35. Rg1 Qxf4 36. Ka2 Qf5 37. Re1 Ndc6 38. Re2 d4 39. Qb3 Qd5 40. Qxd5+ Nxd5 41. Kb3 Kd6 42. Kc4 Nf4 43. Rd2 Ne5+ 44. Kb5 d3 45. b3 Nf3 46. Rd1 d2 47. Kxa5 Nd3 48. b4 Nb2 49. Rb1 d1=Q 50. Rxd1+ Nxd1 51. b5 Nd4 52. b6 Nxf2 53. Ka6 Nd3 54. Kb7 Nc5+ 55. Kc8 f5 56. b7 Nxb7 57. Kxb7 f4 58. a4 f3 59. a5 f2 0-1

[Event "Obama op"]
[Site "Edmonton CAN"]
[Date "2008.11.06"]
[Round "1"]
[White "Ryan, Kevin"]
[Black "Mendryk, Wayne"]
[Result "0-1"]
[WhiteElo "716"]
[BlackElo "1422"]
[PlyCount "60"]
[GameId "2160767910294453"]
[EventDate "2008.11.06"]
[EventType "swiss"]
[EventRounds "4"]
[EventCountry "CAN"]
[SourceTitle "EXT 2022"]
[Source "ChessBase"]
[SourceDate "2021.10.06"]
[SourceVersion "1"]
[SourceVersionDate "2021.10.06"]
[SourceQuality "1"]

1. d4 Nf6 2. Nc3 e6 3. Nf3 b6 4. e4 Bb7 5. Bd3 Bb4 6. e5 Nd5 7. Bc4 Nxc3 8. Qd2 Nxa2 9. Rxa2 Bxd2+ 10. Bxd2 Nc6 11. Ba6 Bxa6 12. Rxa6 Qe7 13. Bg5 Qb4+ 14. Nd2 Qxb2 15. O-O Qxd4 16. Rfa1 O-O 17. R6a4 Qxe5 18. Bf4 Qd5 19. Ne4 e5 20. Bg5 f5 21. c4 Qxe4 22. Rd1 Qe2 23. Raa1 Rf7 24. Rd2 Qxc4 25. Rb1 Raf8 26. Rbd1 d6 27. Rd5 e4 28. g4 fxg4 29. f4 exf3 30. Re1 f2+ 0-1

[Event "Obama op"]
[Site "Edmonton CAN"]
[Date "2008.11.06"]
[Round "1"]
[White "Sequillion, Aaron"]
[Black "Stark, Mark"]
[Result "0-1"]
[WhiteElo "1845"]
[BlackElo "1916"]
[PlyCount "78"]
[GameId "2160767910294454"]
[EventDate "2008.11.06"]
[EventType "swiss"]
[EventRounds "4"]
[EventCountry "CAN"]
[SourceTitle "EXT 2022"]
[Source "ChessBase"]
[SourceDate "2021.10.06"]
[SourceVersion "1"]
[SourceVersionDate "2021.10.06"]
[SourceQuality "1"]

1. e4 c5 2. Nc3 d6 3. f4 Nc6 4. Nf3 g6 5. Be2 Bg7 6. O-O e6 7. d3 Nge7 8. Be3 O-O 9. Kh1 b6 10. Bg1 d5 11. e5 a6 12. h3 Bb7 13. Qe1 Nb4 14. Rc1 d4 15. Ne4 Nbd5 16. Nd6 Bc6 17. Ng5 Nf5 18. Nge4 Nxf4 19. Bh2 Nd5 20. Nxf5 exf5 21. Nd6 Ne3 22. Rg1 Qe7 23. Nc4 Nxg2 24. Rxg2 Qg5 25. Bf1 b5 26. Nd6 Ra7 27. Ne4 Qh6 28. Rd1 fxe4 29. dxe4 Re7 30. Re2 Bxe5 31. Bxe5 Rxe5 32. Bg2 Rfe8 33. Qg3 Bxe4 34. Bxe4 Rxe4 35. Rxe4 Rxe4 36. Rf1 Qe3 37. Qb8+ Re8 38. Qh2 Qe4+ 39. Kg1 Re5 0-1

[Event "Obama op"]
[Site "Edmonton CAN"]
[Date "2008.11.06"]
[Round "1"]
[White "Sponga, George"]
[Black "MacKay, Jody"]
[Result "1-0"]
[WhiteElo "1622"]
[BlackElo "1347"]
[PlyCount "69"]
[GameId "2160767910294455"]
[EventDate "2008.11.06"]
[EventType "swiss"]
[EventRounds "4"]
[EventCountry "CAN"]
[SourceTitle "EXT 2022"]
[Source "ChessBase"]
[SourceDate "2021.10.06"]
[SourceVersion "1"]
[SourceVersionDate "2021.10.06"]
[SourceQuality "1"]

1. f4 c5 2. Nf3 Nc6 3. e3 g6 4. d3 Bg7 5. Be2 d6 6. h3 f5 7. O-O Nf6 8. c3 Qb6 9. Na3 O-O 10. Nc4 Qc7 11. Nh2 Rd8 12. Qb3 Be6 13. Bf3 Nd5 14. e4 Nb6 15. Re1 Nxc4 16. exf5 N6a5 17. Qd1 Bxf5 18. dxc4 Nxc4 19. Qd5+ Kh8 20. Qxc4 Bf6 21. g4 Bd7 22. g5 b5 23. Qf1 Bc6 24. gxf6 exf6 25. Bxc6 Qxc6 26. Qf3 Qb6 27. Re6 g5 28. Ng4 f5 29. Nh6 Qc7 30. fxg5 Rg8 31. h4 Raf8 32. Bf4 c4 33. Rae1 Qc5+ 34. Kg2 d5 35. Be5+ 1-0

[Event "Obama op"]
[Site "Edmonton CAN"]
[Date "2008.11.06"]
[Round "1"]
[White "Yamach, Ahmet"]
[Black "Gicev, Blagoja"]
[Result "0-1"]
[WhiteElo "1876"]
[BlackElo "2376"]
[PlyCount "96"]
[GameId "2160767910294456"]
[EventDate "2008.11.06"]
[EventType "swiss"]
[EventRounds "4"]
[EventCountry "CAN"]
[SourceTitle "EXT 2022"]
[Source "ChessBase"]
[SourceDate "2021.10.06"]
[SourceVersion "1"]
[SourceVersionDate "2021.10.06"]
[SourceQuality "1"]

1. c4 c6 2. d4 d5 3. e3 Nf6 4. Nc3 e6 5. Nf3 Nbd7 6. Be2 dxc4 7. Bxc4 b5 8. Be2 a6 9. O-O Bb7 10. a3 c5 11. b3 Bd6 12. Bb2 O-O 13. a4 b4 14. Nb1 Rc8 15. Nbd2 cxd4 16. Bxd4 e5 17. Bb2 e4 18. Nd4 Ne5 19. Nc4 Bb8 20. Nxe5 Bxe5 21. g3 Qd7 22. Re1 Rfd8 23. Bf1 Nd5 24. Qh5 Qe8 25. Bc4 Nb6 26. Bxf7+ Qxf7 27. Qxe5 Rd5 28. Qe6 Qxe6 29. Nxe6 Rd2 30. Bd4 Nd7 31. Rac1 Rcc2 32. Rxc2 Rxc2 33. Rb1 g6 34. h3 h6 35. Kg2 Bd5 36. Nf4 Bf7 37. g4 Nb8 38. Kf1 Nc6 39. Ne2 Na5 40. Nc1 Be6 41. Bb6 Nc6 42. Ne2 h5 43. Nf4 Bc8 44. gxh5 g5 45. Ne2 Bxh3+ 46. Ke1 Ne5 47. Kd1 Ra2 48. Ng3 Nd3 0-1

[Event "Obama op"]
[Site "Edmonton CAN"]
[Date "2008.11.13"]
[Round "2"]
[White "Bentz, Eliot"]
[Black "Borger, Rocky"]
[Result "0-1"]
[WhiteElo "801"]
[BlackElo "1350"]
[PlyCount "78"]
[GameId "2160767910294457"]
[EventDate "2008.11.06"]
[EventType "swiss"]
[EventRounds "4"]
[EventCountry "CAN"]
[SourceTitle "EXT 2022"]
[Source "ChessBase"]
[SourceDate "2021.10.06"]
[SourceVersion "1"]
[SourceVersionDate "2021.10.06"]
[SourceQuality "1"]

1. e4 e5 2. Nf3 Nc6 3. Bc4 Nf6 4. Nc3 Bc5 5. Na4 Nxe4 6. Nxc5 Nxc5 7. d3 d5 8. Bg5 f6 9. Bh4 dxc4 10. dxc4 Qxd1+ 11. Rxd1 Bg4 12. O-O Bxf3 13. gxf3 g5 14. a3 gxh4 15. a4 Nd7 16. c3 O-O-O 17. Rde1 Rhg8+ 18. Kh1 Rg5 19. Re4 Rh5 20. Rg4 f5 21. Rgg1 Nc5 22. b4 Nxa4 23. c5 Nxc3 24. b5 Nxb5 25. Re1 Rd2 26. Rxe5 Nxe5 27. Rg8+ Kd7 28. c6+ Kxc6 29. f4 h3 30. fxe5 h6 31. Rg6+ Nd6 32. Rg1 Rg5 33. Rc1+ Kd7 34. f4 Rgg2 35. e6+ Kxe6 36. Re1+ Rde2 37. Rd1 Rxh2+ 38. Kg1 Reg2+ 39. Kf1 Rh1# 0-1

[Event "Obama op"]
[Site "Edmonton CAN"]
[Date "2008.11.13"]
[Round "2"]
[White "Camphaug, Lincoln"]
[Black "Mendryk, Wayne"]
[Result "1-0"]
[WhiteElo "1624"]
[BlackElo "1422"]
[PlyCount "73"]
[GameId "2160767910294458"]
[EventDate "2008.11.06"]
[EventType "swiss"]
[EventRounds "4"]
[EventCountry "CAN"]
[SourceTitle "EXT 2022"]
[Source "ChessBase"]
[SourceDate "2021.10.06"]
[SourceVersion "1"]
[SourceVersionDate "2021.10.06"]
[SourceQuality "1"]

1. e4 c6 2. d4 d5 3. exd5 cxd5 4. Bd3 Nf6 5. h3 Nbd7 6. Nf3 e6 7. O-O Bd6 8. Re1 Qc7 9. Qe2 O-O 10. Ne5 Re8 11. Nd2 Nf8 12. c3 g6 13. Ndf3 Bxe5 14. Nxe5 Nh5 15. g4 Ng7 16. Bg5 a6 17. Bf6 Nd7 18. Nxd7 Bxd7 19. Qe3 Qd6 20. Qh6 Qf8 21. Qf4 Rec8 22. Re5 Rc6 23. h4 Ne8 24. g5 Rac8 25. Re3 b5 26. Ree1 Ng7 27. Be5 Nh5 28. Qf3 Rb6 29. Be2 a5 30. Qe3 b4 31. Bxh5 gxh5 32. Qf3 f5 33. gxf6 Qf7 34. Kh2 Kh8 35. Rg1 Rg8 36. Rxg8+ Qxg8 37. f7+ 1-0

[Event "Obama op"]
[Site "Edmonton CAN"]
[Date "2008.11.13"]
[Round "2"]
[White "Dean, Tim"]
[Black "Gardner, Robert"]
[Result "0-1"]
[WhiteElo "1952"]
[BlackElo "2264"]
[PlyCount "76"]
[GameId "2160767910294459"]
[EventDate "2008.11.06"]
[EventType "swiss"]
[EventRounds "4"]
[EventCountry "CAN"]
[SourceTitle "EXT 2022"]
[Source "ChessBase"]
[SourceDate "2021.10.06"]
[SourceVersion "1"]
[SourceVersionDate "2021.10.06"]
[SourceQuality "1"]

1. e4 d6 2. d4 Nf6 3. Nc3 g6 4. Be3 Bg7 5. Qd2 c6 6. Bd3 Ng4 7. Nf3 Nxe3 8. fxe3 Qa5 9. O-O O-O 10. Rad1 c5 11. Nd5 Qd8 12. c3 Nc6 13. dxc5 dxc5 14. Bc4 e6 15. Nf4 Qxd2 16. Rxd2 Ne5 17. Nxe5 Bxe5 18. Nd3 Bd6 19. e5 Be7 20. Nf2 f5 21. exf6 Rxf6 22. Ne4 Rxf1+ 23. Kxf1 Kf7 24. Nd6+ Bxd6 25. Rxd6 Ke7 26. Rd2 Bd7 27. Rf2 b5 28. Bd3 Bc6 29. g4 Rd8 30. Ke2 a6 31. h4 Bd5 32. a3 Bb3 33. Rf1 Rxd3 34. Kxd3 Bc4+ 35. Ke4 Bxf1 36. g5 Kd6 37. b4 Bg2+ 38. Kd3 c4+ 0-1

[Event "Obama op"]
[Site "Edmonton CAN"]
[Date "2008.11.13"]
[Round "2"]
[White "Johnson, Ron"]
[Black "Razzaq, Ali"]
[Result "0-1"]
[WhiteElo "1475"]
[BlackElo "1811"]
[PlyCount "116"]
[GameId "2160767910294460"]
[EventDate "2008.11.06"]
[EventType "swiss"]
[EventRounds "4"]
[EventCountry "CAN"]
[SourceTitle "EXT 2022"]
[Source "ChessBase"]
[SourceDate "2021.10.06"]
[SourceVersion "1"]
[SourceVersionDate "2021.10.06"]
[SourceQuality "1"]

1. e4 c6 2. d4 d5 3. Nc3 dxe4 4. Nxe4 Nd7 5. Nf3 Ngf6 6. Ng3 e6 7. Bf4 Nd5 8. Qd2 Nxf4 9. Qxf4 Nf6 10. Be2 Nd5 11. Qd2 Qb6 12. c3 Bd6 13. Ne5 Bxe5 14. dxe5 Qc7 15. Qg5 f6 16. exf6 Nxf6 17. O-O O-O 18. Bd3 Qf7 19. Rad1 Bd7 20. Bc2 Rad8 21. Rd3 Bc8 22. Rf3 Rd5 23. Qh4 b5 24. Bxh7+ Nxh7 25. Rxf7 Rxf7 26. Ne4 Bb7 27. Qg4 Nf8 28. h4 e5 29. g3 c5 30. h5 b4 31. Ng5 Rf6 32. Ne4 Rf7 33. h6 g6 34. Ng5 Rf5 35. Ne6 Rh5 36. Nxf8 Rd6 37. Qc4+ Bd5 38. h7+ Kxf8 39. Qh4 Rxh4 40. gxh4 Kg7 41. Rd1 bxc3 42. bxc3 Rd7 43. c4 Be6 44. h8=Q+ Kxh8 45. Re1 Bxc4 46. Rxe5 Rd1+ 47. Kh2 Bd5 48. Kg3 c4 49. Re8+ Kg7 50. Re7+ Kh6 51. Rxa7 c3 52. Rc7 Rd3+ 53. Kf4 Bxa2 54. h5 Rd4+ 55. Ke5 Rc4 56. Ra7 c2 57. Rxa2 c1=Q 58. hxg6 Qf4+ 0-1

[Event "Obama op"]
[Site "Edmonton CAN"]
[Date "2008.11.13"]
[Round "2"]
[White "Seehagen, Terry"]
[Black "Hughey, Micah"]
[Result "0-1"]
[WhiteElo "1690"]
[BlackElo "2190"]
[PlyCount "42"]
[GameId "2160767910294461"]
[EventDate "2008.11.06"]
[EventType "swiss"]
[EventRounds "4"]
[EventCountry "CAN"]
[SourceTitle "EXT 2022"]
[Source "ChessBase"]
[SourceDate "2021.10.06"]
[SourceVersion "1"]
[SourceVersionDate "2021.10.06"]
[SourceQuality "1"]

1. e4 e5 2. Bc4 Nc6 3. f4 Bc5 4. Nf3 d6 5. b4 Bb6 6. a4 a6 7. c3 Nf6 8. d3 O-O 9. Na3 exf4 10. Bxf4 d5 11. exd5 Nxd5 12. Bxd5 Qxd5 13. c4 Qe6+ 14. Kd2 Nxb4 15. Re1 Qf5 16. Re4 Be6 17. g4 Qxg4 18. Bd6 Qg2+ 19. Re2 Qxf3 20. Bxb4 Rfd8 21. Kc2 Bg4 0-1